000 00603cam a22002171 4500
001 ca 36001510
003 DLC
005 20260227111144.0
008 800305s1934 ilu 000 0 eng
010 _aca 36001510
035 _a(OCoLC)6054470
040 _aDLC
_cOCl
_dDLC
042 _apremarc
050 0 0 _aPS3539.A245
_bE3 1934
082 _a812.5
100 1 _aTaggart, Tom.
245 1 0 _aEarly mourning,
_ba farce in three acts,
_cby Tom Taggart.
260 _aRock Island, Ill.,
_bFrederick B. Ingram productions, inc.
_c[c1934]
300 _a132 p.
_c19 cm.
490 0 _aPlays of the month
999 _c18311
_d18311